Oeuvres complètes de David Ricardo / (Record no. 163482)

MARC details
000 -LEADER
campo de control de longitud fija 01070nam a2200229 i 4500
001 - NÚMERO DE CONTROL
campo de control 163482
003 - IDENTIFICADOR DE NÚMERO DE CONTROL
campo de control ES-MaACL
005 - FECHA Y HORA DE LA ÚLTIMA TRANSACCIÓN
campo de control 20260220184637.0
008 - DATOS DE LONGITUD FIJA--INFORMACIÓN GENERAL
campo de control de longitud fija 990503s1847 fr |||| | fre d
040 ## - FUENTE DE CATALOGACIÓN
Centro catalogador/agencia de origen CCPB | B
Lengua de catalogación spa
Centro/agencia transcriptor CCPB | B
100 0# - ENTRADA PRINCIPAL--NOMBRE DE PERSONA
Nombre de persona Ricardo, David.
9 (RLIN) 96854
245 10 - MENCIÓN DEL TÍTULO
Título Oeuvres complètes de David Ricardo /
Mención de responsabilidad, etc. traduites en français par MM. Constancio et Alc. Fonteyraud augmentées des notes de Jean-Baptiste Say, de nouvelles notes et de commentaires par Malthus, Sismondi, MM. Rosi, Blanqui, etc. et précédés d´une notice biographique sur la vie et les travaux de l´auteur par M. Alcide Fonteyraud.
260 ## - PUBLICACIÓN, DISTRIBUCIÓN, ETC.
Lugar de publicación, distribución, etc. Paris :
Nombre del editor, distribuidor, etc. chez Guillaumin et Cie, Libraires,
Fecha de publicación, distribución, etc. 1847 (
Lugar de fabricación/manufactura à Saint-Germain-en-Laye :
Fabricante de l'Imprimerie de Beau)
300 ## - DESCRIPCIÓN FÍSICA
Extensión XLVIII, 752 p. ;
Dimensiones 25 cm.
597 ## - NOTA DE DESCRIPCIÓN FÍSICA
NOTA DE DESCRIPCIÓN FÍSICA Antep.
700 1# - ENTRADA AGREGADA--NOMBRE PERSONAL
Nombre de persona Say, Jean Baptiste,
Fechas asociadas al nombre 1767-1832
9 (RLIN) 132518
700 1# - ENTRADA AGREGADA--NOMBRE PERSONAL
Nombre de persona Fonteyraud, Alcide,
Fechas asociadas al nombre 1822-1849
9 (RLIN) 127108
700 1# - ENTRADA AGREGADA--NOMBRE PERSONAL
Nombre de persona Fonteyraud, Constancio.
9 (RLIN) 127109
852 ## - LOCALIZACIÓN
Ubicación ES-MaACL
Número de control de estantería F-4954
Nota libre -- Enc. hol.
Holdings
Estatus retirado Estado de pérdida Estado de daño No para préstamo Colección Biblioteca de origen Biblioteca actual Ubicación en estantería Fecha de adquisición Fuente de adquisición Total de préstamos Signatura topográfica completa Código de barras Visto por última vez Precio de reemplazo Tipo de ítem Koha
        Libros del s. XIX Biblioteca del Ateneo de Madrid Biblioteca del Ateneo de Madrid Depósito 2 17/01/2008     F-4954 1171313 23/02/2023 23/02/2023 Libro impreso antiguo